| 000 | 01514cam a2200457 i 4500 | ||
|---|---|---|---|
| 001 | 21251 | ||
| 003 | KOSZ 005 | ||
| 005 | 20200521134636.0 | ||
| 008 | 991116s1982 pl a f f |000 0 pol | ||
| 015 | _aPB 1982/9527 | ||
| 040 |
_aWA N _cKWA N _dKOSZ 005/HR |
||
| 041 | 0 |
_apol _beng |
|
| 046 | _k1982 | ||
| 080 | _a621.01 | ||
| 080 | _a534 | ||
| 080 | _a519.2 | ||
| 080 | _a(075.8) | ||
| 100 | 1 |
_aChmielewski, Tadeusz _d(1941- ) _eAutor |
|
| 245 | 1 | 0 |
_aMetody probabilistyczne w dynamice konstrukcji / _cTadeusz Chmielewski. |
| 260 |
_aOpole : _bWSI, _c1982. |
||
| 300 |
_a237 s. : _bil. tab. wykr. ; _c24 cm. |
||
| 336 |
_2rdacontent _aTekst _btxt |
||
| 337 |
_2rdamedia _aBez urządzenia pośredniczącego _bn |
||
| 338 |
_2rdacarrier _aWolumin _bnc |
||
| 380 | _aKsiążki | ||
| 380 | _aPublikacje dydaktyczne | ||
| 380 | _aPublikacje naukowe | ||
| 385 |
_mPoziom nauczania _aSzkoły wyższe |
||
| 388 | _a1901-2000 | ||
| 388 | _a1945-1989 | ||
| 490 | 1 |
_aStudia i Monografie / Wyższa Szkoła Inżynierska w Opolu ; _vz. 1. |
|
| 504 | _aBibliogr. s. 233-236. - Sum. | ||
| 650 | 4 | _aDrgania | |
| 650 | 4 | _aKonstrukcje | |
| 650 | 4 | _aRachunek prawdopodobieństwa | |
| 655 | 4 | _aPodręczniki akademickie | |
| 658 | _aInżynieria i technika | ||
| 830 | 0 |
_aStudia i Monografie - Wyższa Szkoła Inżynierska w Opolu ; _vz. 1 |
|
| 856 |
_uhttp://koha.tu.koszalin.pl/cgi-bin/koha/opac-detail.pl?biblionumber=21251 _yKatalog online BPK |
||
| 942 |
_2UKD _cKS |
||
| 999 |
_c21251 _d21251 |
||